000 00660nam a2200217 4500
003 OSt
005 20240624012310.0
006 a
008 240624b |||||||| |||| 00| 0 eng d
020 _a9789812533319
040 _aDWCL-Main lib.
_cOC
082 _2Eighth edition
_aCirc. 540 M257b 2010
100 _aMalone, Leo J.
245 _aBasic concepts of chemistry /
250 _aEighth edition
260 _aN.J. :
_bJohn Wiley & Sons(Asia) Pte Ltd. ,
_cc2010.
300 _axxv,
_bvarious pagings : illu8strations ;
_c28 cm.
504 _aIncludes index and appendix.
650 _a1. Chemistry.
942 _2ddc
_n0
_cBK-CIRC
_eEighth edition
_kCirc.
999 _c1174
_d1174